Mexico... or New Mexico? - Statistics

General Stats
  • This quiz has been taken 544 times
    511 since last reset
  • The average score is 6 of 9
Answer Stats
Question Answer % Correct
Is a country Mexico
100%
World's first atomic bomb developed here New Mexico
87%
Flag consists of the colors red, white, and green Mexico
85%
Largest city is not its capital New Mexico
78%
Spanish is the main language spoken Mexico
76%
Has a higher percentage of poverty of the two Mexico
76%
Minerals are the highest source of income New Mexico
37%
Majority of population is Hispanic Mexico
35%
Government is Federal Presidential Constitutional Republic Both
26%
No matching quizzes found
Score Distribution
Percent of People with Each Score
Percentile by Number Answered
Your Score History
You have not taken this quiz since the last reset